Sitio a Eros : trece ensayos literarios /
Kaydedildi:
| Yazar: | |
|---|---|
| Materyal Türü: | Bilinmiyor |
| Dil: | Spanish |
| Baskı/Yayın Bilgisi: |
México :
Joaquín Mortíz,
1980.
|
| Edisyon: | 1. edición |
| Seri Bilgileri: | (Confrontaciones. Los Críticos)
|
| Konular: | |
| Etiketler: |
Etiketle
Etiket eklenmemiş, İlk siz ekleyin!
|
MARC
| LEADER | 000000000a22000000004500 | ||
|---|---|---|---|
| 001 | 012296 | ||
| 020 | |a 968270121X | ||
| 041 | 0 | |a spa | |
| 082 | 0 | 4 | |a PR863.4 |b F382si |
| 100 | 1 | |a Ferré, Rosario, |d 1942- | |
| 245 | 1 | 0 | |a Sitio a Eros : |b trece ensayos literarios / |c Rosario Ferré. |
| 250 | |a 1. edición | ||
| 260 | 1 | |a México : |b Joaquín Mortíz, |c 1980. | |
| 300 | |a 164 páginas | ||
| 490 | 1 | |a (Confrontaciones. Los Críticos) | |
| 500 | |a "NO. 0108" | ||
| 650 | 4 | |a MUJERES | |
| 650 | 4 | |a AUTORES DE LA MUJER | |
| 650 | 4 | |a BIOGRAFIA | |
| 650 | 4 | |a MUJERES COMO AUTORAS | |
| 650 | 4 | |a HISTORIA Y CRITICA | |
| 650 | 4 | |a MUJERES EN LA LITERATURA | |
| 999 | |c 18270 |d 18270 | ||
| 942 | |c BK |h PR863.4 F382si |2 z | ||



